Zodpovednosť a právomoci musia byť v rovnováhe
Rozhovor s guvernérom NBS, Jozefom Makúchom, za účasti generálnej riaditeľky Slovenskej asociácie poisťovní, Jozefíny Žákovej.
Gespeichert in:
| 1. Verfasser: | |
|---|---|
| Weitere Verfasser: | |
| Format: | Buchkapitel |
| Sprache: | Slowakisch |
| Schlagworte: | |
| Tags: |
Keine Tags, Fügen Sie das erste Tag hinzu!
|
MARC
| LEADER | 00000naa a2200000 4500 | ||
|---|---|---|---|
| 001 | 0165619 | ||
| 005 | 20240502072903.4 | ||
| 041 | 0 | |a slo | |
| 044 | |a SK | ||
| 245 | 1 | 0 | |a Zodpovednosť a právomoci musia byť v rovnováhe |c Jozef Makúch, Jozefína Žáková |
| 520 | |a Rozhovor s guvernérom NBS, Jozefom Makúchom, za účasti generálnej riaditeľky Slovenskej asociácie poisťovní, Jozefíny Žákovej. | ||
| 610 | 2 | 0 | |a poisťovníctvo |
| 610 | 2 | 0 | |a poisťovne |
| 610 | 2 | 0 | |a poistenie |
| 610 | 2 | 0 | |a rezervy technické |
| 610 | 2 | 0 | |a trh poistný |
| 610 | 2 | 0 | |a kríza finančná |
| 610 | 2 | 0 | |a dohľad nad finančným trhom |
| 100 | 1 | |a Makúch, Jozef, 1953- | |
| 700 | 1 | |a Žáková, Jozefína | |